000 00994nam a2200229Ia 4500
999 _c3902
_d3902
003 OSt
005 20200429193259.0
008 191128s2016 cl a gr 000 0dspa d
040 _aCO-JMCR
_cCO-JMCR
041 0 _aspa
082 _a305.409172 /
_bC733a
110 1 _aColombia. Comisión Económica para América Latina
_93742
245 1 0 _aAutonomía de las mujeres e igualdad en la agenda de desarrollo sostenible /
_cComisión Económica para América Latina
260 _aSantiago :
_bNaciones Unidas,
_c2016
300 _a182 páginas :
_bilustraciones a blanco y negro ;
_c28 cm.
504 _aBibliografía: páginas 167-182
505 _aDe la integración de la mujer en el desarrollo al desarrollo sostenible con igualdad de género -- La igualdad distributiva y autonomía económica -- Autonomía física, libertad y derechos
650 1 4 _aMujeres e igualdad
_93743
650 2 4 _aIntegración Desarrollo
_93744
650 2 4 _aIgualdad de género
_93745
942 _2ddc
_cBK